[Event "Straume Bronstein Cup"]
[Site "Straume"]
[Date "2020.10.25"]
[Round "3"]
[White "Sivertsen, Jarle"]
[Black "Sekkingstad, Thomas"]
[Result "0-1"]
[WhiteElo "1622"]
[BlackElo "1626"]
[PlyCount "58"]
[EventDate "2020.10.25"]
[EventType "swiss (rapid)"]
[EventRounds "6"]
[EventCountry "NOR"]
[SourceTitle "EXT 2024"]
[Source "ChessBase"]
[SourceDate "2023.10.10"]
[SourceVersion "1"]
[SourceVersionDate "2023.10.10"]
[SourceQuality "1"]

1. Nf3 d5 2. g3 Nf6 3. Bg2 Bf5 4. 0-0 e6 5. d4 c6 6. c4 Nbd7 7. Nc3 Be7 8. Bg5 h6 9. Bxf6 Bxf6 10. c5 0-0 11. e3 b6 12. b4 a5 13. a3 bxc5 14. bxc5 Rb8 15. Qa4 Qc7 16. e4 dxe4 17. Nd2 Nxc5 18. dxc5 Bxc3 19. Ra2 Bxd2 20. Rxd2 Rb5 21. Rc1 Qe5 22. Rd6 Rc8 23. Rxc6 Rcb8 24. Rc8+ Rxc8 25. Qxb5 e3 26. Qc4 e2 27. Re1 Rxc5 28. Qxe2 Qxe2 29. Rxe2 Rc1+ 0-1

[Event "Kragero op-B"]
[Site "Kragero"]
[Date "2020.02.22"]
[Round "7"]
[White "Sivertsen, Jarle"]
[Black "Skaslien, Ingrid"]
[Result "0-1"]
[WhiteElo "1606"]
[BlackElo "1847"]
[PlyCount "82"]
[EventDate "2020.02.19"]
[EventType "swiss"]
[EventRounds "9"]
[EventCountry "NOR"]
[SourceTitle "CBM 195 Extra"]
[Source "ChessBase"]
[SourceDate "2020.05.31"]
[SourceVersion "1"]
[SourceVersionDate "2020.05.31"]
[SourceQuality "1"]

1. e4 e6 2. d4 d5 3. Nd2 a6 4. Ngf3 c5 5. exd5 exd5 6. dxc5 Bxc5 7. Nb3 Bb6 8. c3 Nf6 9. Be2 0-0 10. 0-0 Ne4 11. Nfd4 Nc6 12. Be3 Re8 13. Qc2 Bd7 14. Rfe1 Rc8 15. Bf1 Nxd4 16. Nxd4 Bc7 17. f3 Nf6 18. Bf2 Be5 19. Qb3 Qc7 20. g3 Rcd8 21. Bg2 Bd6 22. Qc2 b5 23. Rac1 Qa5 24. Nb3 Qc7 25. Rxe8+ Rxe8 26. Qd3 Be6 27. Nd4 Bc5 28. a3 Qa7 29. Qd2 Nd7 30. h4 Ne5 31. h5 h6 32. Qc2 Qd7 33. Kh2 Bxd4 34. Bxd4 Bf5 35. Qb3 Nc4 36. a4 Re2 37. axb5 Bh3 38. Rg1 Nd2 39. Qd1 Nxf3+ 40. Kh1 Bxg2+ 41. Rxg2 Qh3+ 0-1

[Event "Kragero op-B"]
[Site "Kragero"]
[Date "2020.02.19"]
[Round "1"]
[White "Sivertsen, Jarle"]
[Black "Omtvedt, Per"]
[Result "1-0"]
[WhiteElo "1606"]
[BlackElo "1894"]
[PlyCount "103"]
[EventDate "2020.02.19"]
[EventType "swiss"]
[EventRounds "9"]
[EventCountry "NOR"]
[SourceTitle "CBM 195 Extra"]
[Source "ChessBase"]
[SourceDate "2020.05.31"]
[SourceVersion "1"]
[SourceVersionDate "2020.05.31"]
[SourceQuality "1"]

1. d4 Nf6 2. c4 e6 3. Nc3 d5 4. cxd5 exd5 5. Nf3 c6 6. Bg5 Be7 7. e3 Bf5 8. a3 a5 9. Qb3 Ra7 10. Ne5 0-0 11. Be2 Nfd7 12. Bxe7 Qxe7 13. Nd3 b5 14. 0-0 Na6 15. Rfc1 a4 16. Qd1 Bxd3 17. Bxd3 Nb6 18. b4 axb3 19. Qxb3 Nc7 20. e4 Rfa8 21. exd5 Rxa3 22. Rxa3 Rxa3 23. Qb1 b4 24. Re1 Qd6 25. Bxh7+ Kh8 26. Ne4 Qxd5 27. h4 Rb3 28. Qc2 Qc4 29. Qd1 g6 30. Ng5 Kg7 31. Re7 Rd3 32. Qe2 Qxd4 33. Rxf7+ Kh6 34. Bg8 Rd1+ 35. Kh2 Qxh4+ 36. Nh3 Rd7 37. Qd2+ g5 38. Rxd7 Nxd7 39. Qxd7 Qe4 40. Qxc7 g4 41. Qd6+ Kg7 42. Ng5 Qf5 43. Be6 Qxg5 44. Kg3 Qf6 45. Qd7+ Kh6 46. Bxg4 b3 47. Qf5 Qd6+ 48. Qf4+ Qxf4+ 49. Kxf4 Kg6 50. Bd1 b2 51. Bc2+ Kf6 52. Ke4 1-0

[Event "Straume Bronstein Cup A"]
[Site "Straume"]
[Date "2019.10.27"]
[Round "4"]
[White "Sivertsen, Jarle"]
[Black "Brattetveit, Kenneth"]
[Result "0-1"]
[WhiteElo "1656"]
[BlackElo "1804"]
[PlyCount "119"]
[EventDate "2019.10.27"]
[EventType "swiss (rapid)"]
[EventRounds "6"]
[EventCountry "NOR"]
[SourceTitle "EXT 2024"]
[Source "ChessBase"]
[SourceDate "2023.10.10"]
[SourceVersion "1"]
[SourceVersionDate "2023.10.10"]
[SourceQuality "1"]

1. Nf3 d5 2. g3 Nf6 3. d4 c6 4. Bg2 Bf5 5. 0-0 e6 6. Nbd2 Bd6 7. c4 0-0 8. Nh4 Bg4 9. h3 Bh5 10. g4 Nxg4 11. hxg4 Qxh4 12. Nf3 Qxg4 13. Qb3 b6 14. c5 Bc7 15. Qc2 Bg6 16. Qc3 Be4 17. Re1 f5 18. Rd1 Rf6 19. Ne1 Bxg2 20. Nxg2 Rg6 21. Qf3 Qh4 22. e3 Qh2+ 23. Kf1 Qh1+ 24. Ke2 Qxg2 25. Qh5 Qg4+ 26. Qxg4 Rxg4 27. cxb6 axb6 28. Bd2 Nd7 29. a3 c5 30. dxc5 bxc5 31. Rdc1 Bd6 32. b3 Rb8 33. Rcb1 Be5 34. Ra2 f4 35. Kf3 Rh4 36. a4 fxe3 37. Bxe3 d4 38. Bg5 Rh3+ 39. Ke2 Rhxb3 40. Rxb3 Rxb3 41. a5 Rb7 42. Bd8 Bc7 43. a6 Ra7 44. Bxc7 Rxc7 45. a7 Nb6 46. a8Q+ Nxa8 47. Rxa8+ Kf7 48. Kd3 g5 49. Kc4 Kg7 50. Re8 Kf6 51. f3 h5 52. Rf8+ Rf7 53. Rc8 Kg6 54. Rxc5 Rxf3 55. Kxd4 Rf1 56. Ke4 h4 57. Ke3 h3 58. Rc8 h2 59. Rh8 h1Q 60. Kd4 0-1

[Event "Bergen Sommer Super-NGP A"]
[Site "Bergen"]
[Date "2019.07.31"]
[Round "6"]
[White "Myren, Matias"]
[Black "Sivertsen, Jarle"]
[Result "1-0"]
[WhiteElo "1483"]
[BlackElo "1605"]
[PlyCount "157"]
[EventDate "2019.07.29"]
[EventType "swiss"]
[EventRounds "9"]
[EventCountry "NOR"]
[SourceTitle "EXT 2024"]
[Source "ChessBase"]
[SourceDate "2023.10.10"]
[SourceVersion "1"]
[SourceVersionDate "2023.10.10"]
[SourceQuality "1"]

1. e4 d6 2. d4 Nf6 3. Bd3 Nbd7 4. f4 c5 5. e5 Nd5 6. e6 N7f6 7. exf7+ Kxf7 8. Nf3 Bg4 9. 0-0 cxd4 10. Ng5+ Ke8 11. Qe1 Qd7 12. f5 g6 13. fxg6 e5 14. h3 hxg6 15. Bxg6+ Ke7 16. hxg4 Qxg4 17. Bf5 Qh5 18. Nh3 Bh6 19. Bxh6 Qxh6 20. Qa5 Qe3+ 21. Kh1 Nh5 22. Rf3 Qc1+ 23. Kh2 Nhf4 24. Qb5 Nb6 25. Qf1 Qxf1 26. Rxf1 Nxh3 27. Bxh3 Nd5 28. c3 Ne3 29. Rf2 Ng4+ 30. Kg3 Nxf2 31. Kxf2 Raf8+ 32. Ke2 Rh4 33. Nd2 dxc3 34. bxc3 Ra4 35. Rb1 b6 36. Rb2 d5 37. Nf3 Kd6 38. Rc2 Rff4 39. g4 Rae4+ 40. Kf2 d4 41. cxd4 exd4 42. Kg3 Rf8 43. g5 Re3 44. Bg4 Kd5 45. Rc7 Ra3 46. Rd7+ Kc5 47. g6 Rg8 48. g7 Rxa2 49. Be6 Rxg7+ 50. Rxg7 Re2 51. Bf5 a5 52. Rc7+ Kb4 53. Nxd4 Rb2 54. Kf3 a4 55. Nc2+ Ka5 56. Ra7+ Kb5 57. Bd3+ Kc5 58. Rxa4 b5 59. Ra8 b4 60. Rc8+ Kb6 61. Rb8+ Kc5 62. Rb5+ Kd6 63. Nxb4 Rh2 64. Rd5+ Ke6 65. Bf5+ Kf6 66. Bg4 Rh1 67. Nd3 Rd1 68. Rf5+ Ke7 69. Nf4 Re1 70. Kg3 Kd6 71. Kh4 Re5 72. Rf6+ Ke7 73. Rb6 Kf7 74. Bh5+ Kg7 75. Rg6+ Kh7 76. Rf6 Re7 77. Ne6 Ra7 78. Bg6+ Kg8 79. Rf8# 1-0

[Event "Bergen Sommer Super-NGP A"]
[Site "Bergen"]
[Date "2019.07.31"]
[Round "7"]
[White "Sivertsen, Jarle"]
[Black "Johannessen, Theo N"]
[Result "1/2-1/2"]
[WhiteElo "1605"]
[BlackElo "1504"]
[PlyCount "54"]
[EventDate "2019.07.29"]
[EventType "swiss"]
[EventRounds "9"]
[EventCountry "NOR"]
[SourceTitle "EXT 2024"]
[Source "ChessBase"]
[SourceDate "2023.10.10"]
[SourceVersion "1"]
[SourceVersionDate "2023.10.10"]
[SourceQuality "1"]

1. d4 Nf6 2. c4 g6 3. Nc3 d5 4. cxd5 Nxd5 5. e4 Nxc3 6. bxc3 Bg7 7. Nf3 c5 8. Be3 Nc6 9. Be2 0-0 10. 0-0 Bg4 11. Rb1 cxd4 12. cxd4 Bxf3 13. Bxf3 Nxd4 14. Rxb7 Nxf3+ 15. Qxf3 e6 16. Bc5 Qc8 17. Bxf8 Qxb7 18. Bxg7 Kxg7 19. Qc3+ Kg8 20. e5 Rc8 21. Qa5 Qb6 22. Qxb6 axb6 23. Rb1 Rc2 24. a3 Ra2 25. Kf1 Rxa3 26. Rxb6 g5 27. Rb4 Ra5 1/2-1/2

[Event "Bergen Sommer Super-NGP A"]
[Site "Bergen"]
[Date "2019.07.30"]
[Round "4"]
[White "Evenshaug, Amadeus Hestvik"]
[Black "Sivertsen, Jarle"]
[Result "1-0"]
[WhiteElo "1769"]
[BlackElo "1605"]
[PlyCount "89"]
[EventDate "2019.07.29"]
[EventType "swiss"]
[EventRounds "9"]
[EventCountry "NOR"]
[SourceTitle "EXT 2024"]
[Source "ChessBase"]
[SourceDate "2023.10.10"]
[SourceVersion "1"]
[SourceVersionDate "2023.10.10"]
[SourceQuality "1"]

1. e4 e5 2. Nf3 Nc6 3. d4 exd4 4. Bc4 Nf6 5. 0-0 Be7 6. Re1 d6 7. Nxd4 Ne5 8. Bb5+ c6 9. Ba4 0-0 10. Nd2 Nfd7 11. N2f3 Nc5 12. Bb3 a5 13. c3 Bg4 14. Bc2 Ne6 15. Kh1 Nxf3 16. Nxf3 Ng5 17. Bxg5 Bxg5 18. h3 Bxf3 19. Qxf3 Qb6 20. b3 Qc5 21. e5 dxe5 22. Qf5 g6 23. Qxg5 Qxf2 24. Bd3 f6 25. Bc4+ Kg7 26. Qg4 Rad8 27. Rad1 b5 28. Be2 f5 29. Qf3 Qc5 30. c4 e4 31. Qf4 Rxd1 32. Rxd1 Rf7 33. Qd2 bxc4 34. Bxc4 Re7 35. Qd8 e3 36. Qg8+ Kh6 37. Qf8+ Kh5 38. Be2+ Kg5 39. h4+ Kf4 40. Qf6 Re4 41. g3+ Kxg3 42. Qg5+ Rg4 43. Bxg4 e2 44. Bh5+ Kh3 45. Rd3+ 1-0

[Event "NOR-ch West A"]
[Site "Sandsli"]
[Date "2019.06.16"]
[Round "4"]
[White "Borlaug, Jonas Kleppe"]
[Black "Sivertsen, Jarle"]
[Result "1/2-1/2"]
[WhiteElo "1315"]
[BlackElo "1579"]
[PlyCount "146"]
[EventDate "2019.06.14"]
[EventType "swiss"]
[EventRounds "5"]
[EventCountry "NOR"]
[SourceTitle "EXT 2024"]
[Source "ChessBase"]
[SourceDate "2023.10.10"]
[SourceVersion "1"]
[SourceVersionDate "2023.10.10"]
[SourceQuality "1"]

1. e4 c5 2. Nf3 Nc6 3. d4 cxd4 4. Nxd4 e5 5. Nf3 Nf6 6. Nc3 Bb4 7. Bd3 d5 8. Qe2 dxe4 9. Bxe4 Nxe4 10. Qxe4 0-0 11. 0-0 Bxc3 12. bxc3 Re8 13. Bb2 f6 14. Rfe1 Be6 15. Qa4 Qc7 16. Nd2 Rad8 17. Rad1 Qf7 18. Nb3 Qg6 19. Rc1 Bh3 20. Qe4 f5 21. Qf3 Bg4 22. Qg3 f4 23. Qh4 Ne7 24. f3 Nf5 25. Qxg4 Qb6+ 26. Kh1 Ne3 27. Qg5 Rd6 28. Rg1 a5 29. Ba3 Rg6 30. Qh4 Nf5 31. Bc5 Qxc5 32. Nxc5 Nxh4 33. Nxb7 Nf5 34. Rge1 Ne3 35. Re2 Rc6 36. Nxa5 Rxc3 37. Nb3 Ra8 38. Nd2 Rxa2 39. Ne4 Rcxc2 40. Rexc2 Rxc2 41. Rxc2 Nxc2 42. Kg1 Kf7 43. Kf2 Nd4 44. Nd6+ Kg6 45. Ne4 h6 46. Nd2 Kf5 47. Ne4 Nb5 48. g4+ Ke6 49. h4 Nd6 50. Nc3 h5 51. gxh5 Nf5 52. Ne4 Nxh4 53. Ke2 Nf5 54. Kf2 Ne7 55. Kg2 Ng8 56. Nc5+ Kf5 57. Kh3 Nf6 58. Kh4 Nh7 59. Ne4 Nf8 60. Nf2 Ne6 61. Ne4 Nd4 62. Nd2 Nc2 63. Ne4 Ne1 64. Nd2 Ng2+ 65. Kh3 Ne3 66. Kh4 Nd5 67. Ne4 Nf6 68. Nd2 e4 69. fxe4+ Nxe4 70. Nf3 Ng3 71. Nd2 Nxh5 72. Kxh5 g5 73. Nf3 Ke4 1/2-1/2

[Event "Masfjorden Grand Prix"]
[Site "Sandnes"]
[Date "2019.02.15"]
[Round "1"]
[White "Sivertsen, Jarle"]
[Black "Kvisla, Johannes Luangtep"]
[Result "0-1"]
[WhiteElo "1605"]
[BlackElo "2273"]
[PlyCount "78"]
[EventDate "2019.02.15"]
[EventType "swiss"]
[EventRounds "5"]
[EventCountry "NOR"]
[SourceTitle "EXT 2024"]
[Source "ChessBase"]
[SourceDate "2023.10.10"]
[SourceVersion "1"]
[SourceVersionDate "2023.10.10"]
[SourceQuality "1"]

1. e4 c5 2. Nf3 a6 3. d4 cxd4 4. Nxd4 e5 5. Nf3 Nf6 6. Nc3 Bb4 7. Bd3 d5 8. exd5 e4 9. Qe2 0-0 10. Bxe4 Nxe4 11. Qxe4 Re8 12. Ne5 Bxc3+ 13. bxc3 f6 14. f4 fxe5 15. fxe5 Qc7 16. 0-0 Qxe5 17. Qf3 Qf6 18. Qg3 Qb6+ 19. Kh1 Qg6 20. Qc7 Nd7 21. Ba3 Nf6 22. Qf4 Bd7 23. Rf2 Qe4 24. Qd6 Bb5 25. h3 Rad8 26. Qg3 Qg6 27. Qh4 Re4 28. g4 Rxd5 29. Qg3 Re8 30. Qf4 Rde5 31. c4 Bc6+ 32. Kh2 Re4 33. Qd6 Rxg4 34. hxg4 Qh6+ 35. Kg3 Re3+ 36. Rf3 Rxf3+ 37. Kg2 Qh3+ 38. Kg1 Rf1+ 39. Rxf1 Qg2# 0-1

[Event "Hordaland-ch NGP A"]
[Site "Bergen"]
[Date "2018.06.09"]
[Round "3"]
[White "Sivertsen, Jarle"]
[Black "Ayzenberg, Alena"]
[Result "1/2-1/2"]
[WhiteElo "1592"]
[BlackElo "1887"]
[PlyCount "138"]
[EventDate "2018.06.08"]
[EventType "swiss"]
[EventRounds "6"]
[EventCountry "NOR"]
[SourceTitle "EXT 2024"]
[Source "ChessBase"]
[SourceDate "2023.10.10"]
[SourceVersion "1"]
[SourceVersionDate "2023.10.10"]
[SourceQuality "1"]

1. c4 e5 2. g3 d5 3. Bg2 c6 4. Qb3 dxc4 5. Qxc4 Be6 6. Qc3 Qd4 7. Nf3 Qxc3 8. Nxc3 Nd7 9. 0-0 Be7 10. d4 exd4 11. Nxd4 Bc4 12. Nf5 g6 13. Nxe7 Nxe7 14. b3 Ba6 15. Bb2 0-0-0 16. Ne4 Rhf8 17. Ba3 c5 18. Nxc5 Nxc5 19. Bxc5 Rfe8 20. Bxa7 Nc6 21. Be3 Bxe2 22. Rfc1 Rd6 23. Rc2 Bg4 24. Rac1 Kd7 25. h3 Bf5 26. Rc5 Be4 27. Bxe4 Rxe4 28. Rb5 Rb4 29. Rxb4 Nxb4 30. a3 Nc6 31. Rc3 Rd1+ 32. Kg2 Ne7 33. Bc5 Nd5 34. Rf3 Ke6 35. a4 b6 36. Bf8 Rc1 37. Rd3 Rc3 38. Rxc3 Nxc3 39. Bb4 Nd5 40. Bd2 Ke5 41. a5 bxa5 42. Bxa5 Ke4 43. g4 Nf4+ 44. Kh2 Nd3 45. Kg3 Nc1 46. f3+ Kd5 47. b4 Ne2+ 48. Kf2 Nd4 49. f4 h6 50. Kg3 Ke4 51. Bc7 Ne2+ 52. Kf2 Nd4 53. Bd6 Kd3 54. Be5 Nb5 55. Kf3 Kc4 56. Ke4 Kxb4 57. h4 Kc4 58. h5 Kc5 59. hxg6 fxg6 60. f5 gxf5+ 61. Kxf5 Kd5 62. Bf4 Nd4+ 63. Kg6 Ke6 64. Kxh6 Kf7 65. g5 Nf5+ 66. Kh7 Nh4 67. Bg3 Ng6 68. Kh6 Ne7 69. g6+ Nxg6 1/2-1/2